Quantitative Aptitude For Competitive Examinations (Record no. 315980)

MARC details
000 -LEADER
fixed length control field 00418nam a2200157Ia 4500
008 - FIXED-LENGTH DATA ELEMENTS--GENERAL INFORMATION
fixed length control field 230718s9999 xx 000 0 und d
041 ## - LANGUAGE CODE
Language code of text/sound track or separate title eng
082 ## - DEWEY DECIMAL CLASSIFICATION NUMBER
Classification number 372.4
Item number GUH
100 ## - MAIN ENTRY--PERSONAL NAME
Personal name Guha A.
9 (RLIN) 112398
245 ## - TITLE STATEMENT
Title Quantitative Aptitude For Competitive Examinations
250 ## - EDITION STATEMENT
Edition statement 3rd ed.
260 ## - PUBLICATION, DISTRIBUTION, ETC. (IMPRINT)
Name of publisher, distributor, etc. Tata Mc-graw Hill Pub.
365 ## - TRADE PRICE
Currency code Rs.
Price amount 265.00
700 ## - ADDED ENTRY--PERSONAL NAME
Personal name Guha A.
9 (RLIN) 112398
906 ## - LOCAL DATA ELEMENT F, LDF (RLIN)
d B:294707-Feb-2007
c OTH
Holdings
Withdrawn status Lost status Damaged status Not for loan Home library Current library Date acquired Vendor Budget Code Cost, normal purchase price Bill number Total Checkouts Full call number Barcode Date last seen Cost, replacement price Bill Date Koha item type Original Barcode
        Cummins College of Engineering for Women Pune Cummins College of Engineering for Women Pune 13/02/2007 Pradeep Book Distributors OTH 265.00 2947   372.4 CCEP-BK-27187 18/07/2023 265.00 07/02/2007 Books 027187